| 000 | 01596cam a22003735i 4500 | ||
|---|---|---|---|
| 999 |
_c15102 _d15102 |
||
| 001 | 12787518 | ||
| 003 | EG-ScBUE | ||
| 005 | 20200128105132.0 | ||
| 008 | 020311s2007 ua f f c 001 0 eng d | ||
| 020 | _a9789774161193 | ||
| 035 | _a(DLC) 2002360706 | ||
| 040 |
_aDLC _beng _erda _cDLC _dDLC _dEG-ScBUE |
||
| 043 | _af-ua--- | ||
| 082 | 0 | 4 |
_a709.1749270962 _bPRI _222 |
| 100 | 1 |
_aPrisse d'Avennes, _d1807-1879, _eauthor. _923009 |
|
| 245 | 1 | 0 |
_aIslamic art in Cairo : _bfrom the seventh to the eighth centuries / _cPrisse d'Avennes ; introduction by George T. Scanlon ; captions by Yasmeen Siddiqui. |
| 250 | _aFirst paperback edition. | ||
| 264 | 1 |
_aCairo : _bA Zeitouna book ; _aCairo ; _aNew York : _bThe American University in Cairo Press : _c2007. |
|
| 300 |
_ax, 228 pages : _billustrations (some color) ; _c25 cm |
||
| 336 |
_atext _btxt _2rdacontent |
||
| 337 |
_aunmediated _bn _2rdamedia |
||
| 338 |
_avolume _bnc _2rdacarrier |
||
| 500 | _a"Dar el Kutub no. 13707/07"--T.p. verso. | ||
| 650 | 7 |
_aIslamic art _zEgypt _zCairo _vPictorial works. _2BUEsh _923010 |
|
| 650 | 7 |
_aArt _zEgypt _zCairo _vPictorial works. _2BUEsh _923011 |
|
| 650 | 7 |
_aIslamic architecture _zEgypt _zCairo _vPictorial works. _2BUEsh _923012 |
|
| 650 | 7 |
_aIslamic decoration and ornament _vPictorial works. _2BUEsh _923013 |
|
| 650 | 7 |
_aIslamic architecture _zEgypt _zCairo _vPictorial works. _2BUEsh _923012 |
|
| 651 | _2BUEsh | ||
| 653 |
_bGGEN _bENGARC _cApril2011 _cFebruary2019 |
||
| 700 | 1 |
_aScanlon, George T., _eauthor of introduction, etc. |
|
| 700 | 1 |
_aSiddiqui, Yasmeen, _ewriter of added text. |
|
| 942 |
_2ddc _cBB |
||